Genshin Impact Characters by Region - Statistics

General Stats
  • This quiz has been taken 191 times
  • The average score is 83 of 111
Answer Stats
Answer % Correct
Jean
95%
Zhongli
94%
Raiden Shogun
93%
Varka
93%
Kaeya
91%
Venti
90%
Klee
89%
Diluc
88%
Lisa
88%
Amber
87%
Flins
87%
Nahida
87%
Columbina Hyposelenia
86%
Furina
86%
Ineffa
86%
Albedo
85%
Barbara
85%
Mavuika
85%
Aino
84%
Kamisato Ayaka
84%
Kamisato Ayato
84%
Neuvillette
84%
Nefer
83%
Bennett
82%
Xiao
82%
Cyno
81%
Qiqi
81%
Tighnari
81%
Yae Miko
81%
Zibai
81%
Jahoda
80%
Kinich
80%
Kujou Sara
80%
Lynette
80%
Alhaitham
79%
Diona
79%
Durin
79%
Lauma
79%
Lyney
79%
Mualani
79%
Navia
79%
Ifa
78%
Mona
78%
Sangonomiya Kokomi
78%
Wanderer
78%
Wriothesley
78%
Arlecchino
77%
Dehya
77%
Hu Tao
77%
Iansan
77%
Kachina
77%
Lan Yan
77%
Tartaglia
77%
Xiangling
77%
Yaoyao
77%
Arataki Itto
76%
Clorinde
76%
Kaveh
76%
Ningguang
76%
Thoma
76%
Xingqiu
76%
Chongyun
74%
Collei
74%
Freminet
74%
Beidou
73%
Gorou
73%
Kaedehara Kazuha
73%
Keqing
73%
Illuga
72%
Sucrose
72%
Xilonen
72%
Baizhu
71%
Candace
71%
Charlotte
71%
Citlali
71%
Eula
71%
Fischl
71%
Rosaria
71%
Shenhe
71%
Varesa
71%
Chasca
70%
Ganyu
70%
Ororon
70%
Sigewinne
70%
Yun Jin
70%
Razor
69%
Xianyun
69%
Dahlia
68%
Escoffier
68%
Shinobu Kuki
68%
Yelan
68%
Chiori
67%
Nilou
67%
Sayu
67%
Mika
66%
Gaming
65%
Skirk
65%
Xinyan
65%
Yumemizuki Mizuki
65%
Dori
64%
Chevreuse
63%
Noelle
63%
Faruzan
62%
Sethos
62%
Shikanoin Heizou
61%
Emilie
60%
Layla
59%
Yoimiya
59%
Yanfei
55%
Kirara
51%
Traveler
40%
No matching quizzes found
Score Distribution
Percent of People with Each Score
Percentile by Number Answered
Your Score History
You have not taken this quiz